An exposition of the church-catechism : By Samuel Clarke, ... Published from the author's manuscript, by John Clarke, ...

Bibliographic Details
Main Author: Clarke, Samuel, 1675-1729 (Author)
Corporate Author: Church of England
Format: eBook
Language:English
Series:Eighteenth century collections online.
Online Access:Full text online

MARC

Tag First Indicator Second Indicator Subfields
LEADER 00000cam a2200000 4500
001 in00001982957
006 m | d |
007 cr |n||||||||n
008 791208s1729 enk|||| s 00| ||eng d
005 20260407223424.6
035 |a (CStRLIN)ESTCT74270 
040 |a Uk-ES  |c Uk-ES  |d CStRLIN  |d Thomson Gale  |d UtOrBLW 
110 2 |a Church of England. 
240 1 0 |a Liturgies.  |p Book of common prayer.  |p Catechism 
245 1 3 |a An exposition of the church-catechism :  |b By Samuel Clarke, ... Published from the author's manuscript, by John Clarke, ... 
264 3 |a London :  |b printed by W. Botham, for James and John Knapton,  |c 1729. 
300 |a 4 unnumbered pages, 304, that is, 324 pages ;  |c 8⁰. 
336 |a text  |b txt  |2 rdacontent 
337 |a computer  |b c  |2 rdamedia 
338 |a online resource  |b cr  |2 rdacarrier 
500 |a With the text. 
500 |a P. 324 misnumbered 304. 
500 |a With two final advertisement leaves. 
500 |a Reproduction of original from the British Library. 
510 4 |a English Short Title Catalog,  |c ESTCT74270. 
533 |a Electronic reproduction.  |b Farmington Hills, Mich. :  |c Thomson Gale,  |d 2003.  |n Available via the World Wide Web.  |n Access limited by licensing agreements  |7 s2003 miunns 
500 |a Electronic resource. 
700 1 |a Clarke, Samuel,  |d 1675-1729,  |e author. 
730 0 |a Exposition of the church-catechism. 
830 0 |a Eighteenth century collections online. 
856 4 0 |u http://proxy.library.tamu.edu/login?url=https://galenet.galegroup.com/servlet/ECCO?c=1&stp=Author&ste=11&af=BN&ae=T074270&tiPG=1&dd=0&dc=flc&docNum=CW120212672&vrsn=1.0&srchtp=a&d4=0.33&n=10&SU=0LRF&locID=txshracd2898  |z Full text online  |t 0 
999 |a MARS 
999 f f |s 922e5db6-13d6-3ff9-b279-1f7a11bd51ce  |i 6d3a885d-0650-3ec8-8bb9-b26294b3f5e4  |t 0 
952 f f |a Texas A&M University  |b College Station  |c Electronic Resources  |s www_evans  |d Available Online  |t 0  |h No information provided 
998 f f |t 0  |l Available Online